Principles of macroeconomics (Record no. 18528)
[ view plain ]
| 000 -LEADER | |
|---|---|
| fixed length control field | 00494nam a22001817a 4500 |
| 008 - FIXED-LENGTH DATA ELEMENTS--GENERAL INFORMATION | |
| fixed length control field | 200923b xxu||||| |||| 00| 0 eng d |
| 020 ## - INTERNATIONAL STANDARD BOOK NUMBER | |
| International Standard Book Number | 0170178730 |
| 050 ## - LIBRARY OF CONGRESS CALL NUMBER | |
| Classification number | HB172.5 |
| Item number | .P75 2009 c.1 |
| 245 ## - TITLE STATEMENT | |
| Title | Principles of macroeconomics |
| Statement of responsibility, etc. | Stonecash [et... al.]. |
| 250 ## - EDITION STATEMENT | |
| Edition statement | 4th ed. |
| 260 ## - PUBLICATION, DISTRIBUTION, ETC. (IMPRINT) | |
| Place of publication, distribution, etc. | Australia |
| Name of publisher, distributor, etc. | Cengage Learning |
| Date of publication, distribution, etc. | 2009 |
| 300 ## - PHYSICAL DESCRIPTION | |
| Extent | xxviii, 473p. |
| 650 ## - SUBJECT ADDED ENTRY--TOPICAL TERM | |
| Topical term or geographic name as entry element | Macroeconomics |
| 700 ## - ADDED ENTRY--PERSONAL NAME | |
| Personal name | Joshua Gans |
| 700 ## - ADDED ENTRY--PERSONAL NAME | |
| Personal name | Stephen King |
| 700 ## - ADDED ENTRY--PERSONAL NAME | |
| Personal name | N. Gregory Mankiw |
| 942 ## - ADDED ENTRY ELEMENTS (KOHA) | |
| Source of classification or shelving scheme | Library of Congress Classification |
| Koha item type | General Collection |
| Withdrawn status | Lost status | Source of classification or shelving scheme | Not for loan | Home library | Current library | Date acquired | Cost, normal purchase price | Total Checkouts | Total Renewals | Full call number | Barcode | Date last seen | Date last checked out | Price effective from | Koha item type |
|---|---|---|---|---|---|---|---|---|---|---|---|---|---|---|---|
| Library of Congress Classification | Kabarak, Main Campus | Kabarak, Main Campus | 23/09/2020 | 5877.00 | 4 | 2 | HB172.5 .P75 2009 c.1 | 030065 | 02/08/2024 | 28/01/2022 | 23/09/2020 | General Collection | |||
| Library of Congress Classification | Kabarak, Main Campus | Kabarak, Main Campus | 23/09/2020 | 5877.00 | 2 | HB172.5 .P75 2009 c.2 | 030066 | 02/08/2024 | 28/01/2022 | 23/09/2020 | General Collection | ||||
| Library of Congress Classification | Kabarak, Nakuru City Campus | Kabarak, Nakuru City Campus | 23/09/2020 | 5877.00 | HB172.5 .P75 2009 c.1 | 030067 | 23/09/2020 | 23/09/2020 | General Collection |